Responses for Show #5837 - Tuesday, January 19, 2010

Jason Zollinger game 6.

Contestants

[<< previous game]

Dan Campbell, a fiddler from Murfreesboro, Tennessee

Christine Havens, a parish administrator from Waterloo, Iowa

Jason Zollinger, an engine assembler from South Dayton, New York (whose 5-day cash winnings total $113,205)

[next game >>]

Jeopardy! Round responses

MAN, OMAN!
THE 3 STOOGES
TOYS & GAMES
YES, DEER
LAW & ORDER SUV
"SUB" GROUPING
    $200 1
Arabic

Dan
    $200 6
Moe

Dan
    $200 8
Monopoly

Jason
    $200 10
antlers

Dan
    $200 22
the Tahoe

Jason
    $200 17
a submarine

Dan
    $400 2
oil

Jason
    $400 7
Curly

Christine
    $400 26
Twister

Jason
    $400 11
reindeer

Jason
    $400 23
Ford

Dan
    $400 18
suburbia

Jason
    $600 3
Islam

Jason
    $600 9
Larry

Christine
    $600 28
Thomas

Jason
    $600 14
(Christine: What is a train?)

swimming

ChristineDan
    $600 24
K-9 units

Jason
    $600 19
a subsidiary

Dan
    $800 4
the United Arab Emirates

Dan
    $2,600 12
slapstick

Jason
    $800 29
Slinky

Jason
    $800 15
an elk

Christine
    $800 25
Hummer

Christine
    $800 20
(Christine: What is subdural?)
(Dan: What is subdermal?)

subcutaneous

ChristineDan
Triple Stumper
    $1000 5
sultan

Jason
    $1000 13
Niagara Falls

Jason
    $1000 30
(Christine: What are Beanie Babies?)

Webkinz

Christine
Triple Stumper
    $1000 16
caribou

Jason
    $1000 27
(Mark) Sanford

Jason
    $1000 21
a subcontinent

Jason

Scores at the first commercial break (after clue 16):

Jason Christine Dan
$7,200 $1,200 $2,000

Scores at the end of the Jeopardy! Round:

Jason Christine Dan
$12,200 $200 $2,400

Double Jeopardy! Round responses

U.S. HISTORY
SPORTS TERMS
NORSE
SOUSED
"EAST"
INVEST
    $400 2
September

Jason
    $400 9
a balk

Jason
    $400 7
Odin

Christine
    $400 19
ouzo

Triple Stumper
    $400 14
feast

Christine
    $400 26
the bull & the bear

Dan
    $800 3
(Dan: Who is Lincoln?)

Washington

JasonDan
    $800 10
your vertical leap

Jason
    $800 1
Hel

Jason
    $800 20
Everclear

Jason
    $800 15
East Berlin

Christine
    $800 27
the yield

Jason
    $1200 4
(Jason: What is Costa Rica?)

Nicaragua

Jason
Triple Stumper
    $1200 11
(Dan: What is the lob?)

serve and volley

Dan
Triple Stumper
    $1200 8
wolves

Jason
    $1200 21
mescal

Christine
    $1200 16
"Beauty and the Beast"

Christine
    $1200 28
(Christine: What is a certified deposit?)

a certificate of deposit

ChristineDan
    $6,000 5
Spiro Agnew

Jason
    $1600 12
offsides

Dan
    $1600 24
a giant

Christine
    $2,000 22
(Alex: [*], yes. Makes the heart grow fonder.)

absinthe

Christine
    $1600 17
Easter Island

Jason
    $1600 29
an annuity

Jason
    $2000 6
a reader

Christine
    $2000 13
a crossover

Jason
    $2000 25
Brunhilde

Christine
    $2000 23
(Jason: What is Galliano?)
...
(Alex: Minute to go, Christine.)

grappa

Jason
Triple Stumper
    $2000 18
yeast

Dan
    $2000 30
price to earnings

Jason

Scores at the end of the Double Jeopardy! Round:

Jason Christine Dan
$28,200 $10,600 $5,600
(lock game)

[wagering suggestions for these scores]

Final Jeopardy! Round responses

U.S. STATE NAMES
(Alex: [Revealing Dan's response] Which contains the other state, Ark.)
[Laughter]
(Alex: Kansas, of course.)
...
(Alex: [Revealing Christine's response] You were thinking of West Virginia. No, we said "1-word".)
DanWhat is Arkansas?
$5,500
ChristineWhat is Virginia?
$600
JasonWhat is Arkansas?
$6,999
Arkansas

Final scores:

Jason Christine Dan
$35,199 $10,000 $11,100
6-day champion: $148,404 3rd place: $1,000 2nd place: $2,000

Game dynamics:

Coryat scores:

Jason Christine Dan
$22,000 $10,200 $5,600
29 R
(including 2 DDs),
2 W
13 R
(including 1 DD),
4 W
12 R,
3 W

Combined Coryat: $37,800

[game clues] [game scores] [suggest correction]

Game tape date: 2009-12-01
The J! Archive is created by fans, for fans. Scraping, republication, monetization, and malicious use prohibited; this site may use cookies and collect identifying information. See terms. The Jeopardy! game show and all elements thereof, including but not limited to copyright and trademark thereto, are the property of Jeopardy Productions, Inc. and are protected under law. This website is not affiliated with, sponsored by, or operated by Jeopardy Productions, Inc. Join the discussion at JBoard.tv.